Culturas en movimiento: diásporas, esclavitud y diversidad cultural en el Caribe colonial /
El siguiente ensayo recoge algunos de los elementos conceptuales de las principales posiciones teóricas que se han abocado a explicar el proceso de conformación de la cultura en el Caribe durante el período esclavista. Centra su atención en tres tipos de perspectivas: aquellas que otorgan una fuerza...
Đã lưu trong:
| Tác giả chính: | |
|---|---|
| Định dạng: | Texto |
| Những chủ đề: | |
| Các nhãn: |
Thêm thẻ
Không có thẻ, Là người đầu tiên thẻ bản ghi này!
|
MARC
| LEADER | 00000 a a2200000 04500 | ||
|---|---|---|---|
| 001 | 13705 | ||
| 003 | |||
| 040 | |||
| 100 | |a Menjívar Ochoa, Mauricio | ||
| 245 | |a Culturas en movimiento: |b diásporas, esclavitud y diversidad cultural en el Caribe colonial / |c Mauricio Menjívar Ochoa | ||
| 520 | |a El siguiente ensayo recoge algunos de los elementos conceptuales de las principales posiciones teóricas que se han abocado a explicar el proceso de conformación de la cultura en el Caribe durante el período esclavista. Centra su atención en tres tipos de perspectivas: aquellas que otorgan una fuerza particular a los europeos, en tanto tenían el sistema esclavista de su parte |a aquellas que parten de la imposibilidad de entender la cultura caribeña sin recurrir al peso de la afrogénesis o a los mapas mentales que los africanos tenían de su tierra originaria y por último, aquellas que enfatizan el carácter novedoso de esta cultura cróele. En este marco, este artículo busca analizar el papel otorgado en cada perspectiva a los agentes sociales, así como sopesar la utilidad del instrumental conceptual que proponen | ||
| 650 | |a CULTURA | ||
| 650 | |a ESCLAVITUD | ||
| 650 | |a CARIBE | ||
| 773 | |g volumen 85, número 1 -2; páginas 93-106 | ||
| 999 | |c 28861 |d 28861 | ||
